[Event "Moscow RGGU op"]
[Site "Moscow"]
[Date "2019.03.23"]
[Round "2"]
[White "Bogdanovskiy, Maksim"]
[Black "Shatunov, Leonid"]
[Result "1-0"]
[WhiteElo "2171"]
[BlackElo "1916"]
[PlyCount "53"]
[EventDate "2019.03.16"]
[EventType "swiss"]
[EventRounds "7"]
[EventCountry "RUS"]
[SourceTitle "CBM 190 Extra"]
[Source "ChessBase"]
[SourceDate "2019.07.15"]
[SourceVersion "1"]
[SourceVersionDate "2019.07.15"]
[SourceQuality "1"]

1. Nf3 e6 2. d4 d5 3. c4 c6 4. Bg5 Be7 5. Bxe7 Qxe7 6. Nc3 f5 7. e3 Nf6 8. Be2 0-0 9. 0-0 b6 10. Ne5 Bb7 11. Rb1 Nbd7 12. f4 c5 13. cxd5 cxd4 14. exd4 Nxd5 15. Bf3 Nxc3 16. bxc3 Nxe5 17. fxe5 Rfc8 18. Qb3 Kh8 19. Bxb7 Qxb7 20. Qxe6 Rxc3 21. Qxf5 h6 22. e6 Rd8 23. Rbe1 Rc7 24. Qe4 Qc8 25. e7 Re8 26. Rf7 Rc6 27. Rf8+ 1-0

[Event "Petropavlovsk Kamchatsky-ch"]
[Site "Petropavlovsk Kamchatsky"]
[Date "2010.12.16"]
[Round "3"]
[White "Bogdanovskiy, Maksim"]
[Black "Boyarskiy, Alexander"]
[Result "1-0"]
[WhiteElo "1967"]
[BlackElo "2106"]
[PlyCount "111"]
[EventDate "2010.12.12"]
[EventType "swiss"]
[EventRounds "9"]
[EventCountry "RUS"]
[SourceTitle "EXT 2022"]
[Source "ChessBase"]
[SourceDate "2021.10.06"]
[SourceVersion "1"]
[SourceVersionDate "2021.10.06"]
[SourceQuality "1"]

1. d4 f5 2. Nf3 Nf6 3. g3 e6 4. Bg2 d5 5. c4 c6 6. cxd5 exd5 7. Bf4 Ne4 8. 0-0 Nd7 9. Nc3 Ndf6 10. Qc2 Be7 11. Rab1 Qa5 12. Ne5 0-0 13. f3 Nxc3 14. bxc3 g6 15. c4 dxc4 16. Qxc4+ Qd5 17. Qxd5+ Nxd5 18. e4 Nxf4 19. gxf4 Bd6 20. Rf2 c5 21. d5 b6 22. Rc1 Re8 23. Rd2 fxe4 24. fxe4 Bxe5 25. fxe5 Rxe5 26. Rf1 Ba6 27. Rf6 Rf8 28. Rdf2 Rxf6 29. Rxf6 Bb5 30. Kf2 Kg7 31. Rd6 c4 32. Rd8 Kf6 33. Ra8 Re7 34. Rc8 Ke5 35. Ke3 h5 36. h3 Rf7 37. Bf3 Kd6 38. Rg8 c3 39. Rxg6+ Kc5 40. a3 Kc4 41. Be2+ Kc5 42. Bxb5 Kxb5 43. Rc6 Ka4 44. Rxc3 a5 45. Kd4 b5 46. d6 b4 47. axb4 axb4 48. Rc7 Rf1 49. e5 b3 50. Rb7 Ka3 51. e6 b2 52. e7 Re1 53. Kd5 Ka2 54. Kc6 b1Q 55. Rxb1 Kxb1 56. Kd7 1-0